Can you name all the makeup types? - Statistics

General Stats
  • This quiz has been taken 313 times
  • The average score is 7 of 11
Answer Stats
clue Answer % Correct
Kylie lip gloss
93%
cat eye eyeliner
91%
smoky eye shadow
90%
step 1, start with... foundation
86%
wand mascara
81%
cover concealer
73%
***** minister primer
64%
miranda sings lip liner
39%
thick, squigly, braided eyebrow makeup
33%
school supply highlighter
33%
lacquer nail polish
28%
No matching quizzes found
Score Distribution
Percent of People with Each Score
Percentile by Number Answered
Your Score History
You have not taken this quiz